000 01258nam a2200253 a 4500
001 000028936
003 DO-SdBNP
005 20231016134740.0
008 110412s1967 dr 001 0 spa d
040 _aDO-SdBNP
_bspa
_cBNPHU
082 4 _a320.6
_bC748i
_222
111 2 _aConferencia Latinoamericana de Cencías Políticas y Sociales
_n(3a. :
_d1967 :
_cSanto Domingo)
_955885
245 1 0 _aInforme final de la Conferencia Latinoamericana de Cencías Políticas y Sociales
260 _aSanto Domingo :
_bUniversidad Autónoma de Santo Domingo :
_bInstituto Latinamericano de Ciencias Políticas y Sociales,
_c1967.
300 _a115 h. ;
_c21 cm.
500 _aEjemplar mecanuscrito.
505 0 _gIntroducción --
_tCompendio de los trabajos presentados --
_tMociones y Acuerdos --
_tDiscursos
_tProyecto de reglamento --
_tPrograma de trabajos --
_tReglamento de Santiago.
650 4 _aSociología política
_955886
_vCongresos, conferencias, etc.
650 4 _aCiencias políticas
_955887
_vCongresos, conferencias, etc.
650 4 _aCiencias sociales
_955888
_vCongresos, conferencias, etc.
651 4 _aAmérica Latina
_xIntegración Económica
_944001
_vCongresos, conferencias, etc.
910 _aValidado. Control de calidad EMS
942 _2ddc
_cLBS1
999 _c28428
_d28428